[Event "XI Weekend A"]
[Site "Vignola ITA"]
[Date "2012.11.17"]
[Round "2"]
[White "Sasdelli, Massimo"]
[Black "Molinari, Enzo"]
[WhiteElo "1828"]
[BlackElo "1871"]
[Result "1-0"]
[PlyCount "65"]
[EventDate "2012.11.16"]

1. c4 c5 2. g3 e6 3. Bg2 d5 4. Nf3 Nf6 5. O-O Nbd7 6. cxd5 exd5 7. d4 Nb6 8.
Nc3 h6 9. Qd3 c4 10. Qc2 Bd6 11. a4 a5 12. Nb5 O-O 13. Nxd6 Qxd6 14. b3 Re8 15.
Ba3 Qe6 16. Ne5 Nbd7 17. bxc4 dxc4 18. Nxc4 Qxe2 19. Qxe2 Rxe2 20. Rfe1 Rxe1+
21. Rxe1 Ra7 22. Nd6 Nb6 23. Bc5 Nfd7 24. Re8+ Kh7 25. Nxc8 Nxc8 26. Rxc8 Ra6
27. Bxb7 Re6 28. Rc7 Nb6 29. Bxb6 Rxb6 30. d5 Rb4 31. Bc6 Rd4 32. Rxf7 Kg6 33.
Ra7 1-0

[Event "XI Weekend A"]
[Site "Vignola ITA"]
[Date "2012.11.17"]
[Round "2"]
[White "Sfera, Mattia"]
[Black "Garofalo, Sergio"]
[WhiteElo "2000"]
[BlackElo "1826"]
[Result "1-0"]
[PlyCount "83"]
[EventDate "2012.11.16"]

1. e4 e5 2. Nf3 Nc6 3. Bb5 Bc5 4. O-O Nd4 5. Nxd4 Bxd4 6. c3 Bb6 7. d3 Ne7 8.
Be3 c6 9. Ba4 O-O 10. Nd2 d6 11. d4 Ng6 12. Bb3 Be6 13. Bxe6 fxe6 14. Qg4 Qe8
15. Nc4 exd4 16. cxd4 Bc7 17. f4 b5 18. Nd2 Bb6 19. Rae1 e5 20. dxe5 Bxe3+ 21.
Rxe3 dxe5 22. f5 Qd7 23. Nb3 Rad8 24. Rg3 Nf4 25. Kh1 Nd3 26. h4 Rf6 27. Kh2
Qe7 28. Rd1 Rh6 29. h5 g6 30. Rdxd3 Rxd3 31. Rxd3 Rxh5+ 32. Rh3 Rg5 33. Qh4
gxf5 34. exf5 Qg7 35. Qxg5 Qxg5 36. Rg3 h6 37. Rxg5+ hxg5 38. Kg3 Kf7 39. Kg4
e4 40. Kxg5 e3 41. Nc1 a5 42. Kf4 1-0

[Event "XI Weekend A"]
[Site "Vignola ITA"]
[Date "2012.11.17"]
[Round "2"]
[White "Simonini, Mattia"]
[Black "Setti, Roberto"]
[WhiteElo "1794"]
[BlackElo "1976"]
[Result "0-1"]
[PlyCount "88"]
[EventDate "2012.11.16"]

1. d4 c6 2. c4 d5 3. Nf3 Nf6 4. Nc3 dxc4 5. a4 Bf5 6. e3 e6 7. Bxc4 Bb4 8. O-O
O-O 9. Bd2 Nbd7 10. Ne2 Bd6 11. Ng3 Bg6 12. Nh4 Qc7 13. Nxg6 hxg6 14. b4 a6 15.
Qb3 Ng4 16. Rfc1 Qd8 17. f3 Nh6 18. e4 Qh4 19. Be1 Bf4 20. Rd1 g5 21. d5 exd5
22. exd5 Ne5 23. Nf1 Bxh2+ 24. Nxh2 Qxc4 25. Qxc4 Nxc4 26. dxc6 bxc6 27. Rd7
Ne5 28. Rc7 Rfc8 29. Re7 f6 30. Rd1 Nf5 31. Rb7 Rcb8 32. Rxb8+ Rxb8 33. Bc3 Nc4
34. Rd7 Nb6 35. Ra7 Nxa4 36. Bd2 Rb6 37. Ng4 c5 38. bxc5 Nxc5 39. Ra8+ Kf7 40.
Ne3 Nd6 41. Nd5 Rb1+ 42. Kf2 Rb2 43. Ke1 Nc4 44. Bb4 Nd3+ 0-1

[Event "XI Weekend A"]
[Site "Vignola ITA"]
[Date "2012.11.17"]
[Round "2"]
[White "Zuccaro, Guido"]
[Black "Ballista, Massimiliano"]
[WhiteElo "1739"]
[BlackElo "1640"]
[Result "0-1"]
[PlyCount "96"]
[EventDate "2012.11.16"]

1. c4 e6 2. Nc3 Nf6 3. e4 d5 4. e5 Nfd7 5. d4 dxc4 6. Bxc4 c5 7. Nf3 Nc6 8. Bb5
cxd4 9. Bxc6 dxc3 10. Bxd7+ Bxd7 11. bxc3 Be7 12. O-O O-O 13. Qb3 Qc7 14. Re1
Rac8 15. Bb2 Rfd8 16. Rac1 Bc6 17. Nd4 Bd5 18. Qc2 Bxa2 19. Ra1 Rxd4 20. Rxa2
Rc4 21. Rxa7 Bc5 22. Raa1 Bd4 23. Qe2 Bxc3 24. Bxc3 Rxc3 25. Rab1 Rc1 26. Qe4
Rxe1+ 27. Qxe1 Qc3 28. Qxc3 Rxc3 29. f4 Rc7 30. Rb6 Kf8 31. Kf2 Ke7 32. Rd6 Rc6
33. Rd2 b5 34. Rb2 Rc5 35. Ke3 Kd7 36. g3 Kc6 37. Kd4 Rc4+ 38. Kd3 Kc5 39. Ra2
Kb6 40. Rb2 Rc7 41. Kd4 Ka5 42. g4 b4 43. Ra2+ Kb5 44. f5 b3 45. Ra8 Kb4 46.
Rb8+ Ka3 47. Ra8+ Kb2 48. Rb8 Kc2 0-1

[Event "XI Weekend A"]
[Site "Vignola ITA"]
[Date "2012.11.17"]
[Round "3"]
[White "Armaroli, Alberto"]
[Black "De Biaggi, Paolo"]
[WhiteElo "1553"]
[BlackElo "1865"]
[Result "0-1"]
[PlyCount "120"]
[EventDate "2012.11.16"]

1. c4 c5 2. Nc3 Nc6 3. g3 g6 4. Bg2 Bg7 5. Nf3 Nf6 6. O-O O-O 7. a3 a6 8. Rb1
e6 9. d4 cxd4 10. Nxd4 Nxd4 11. Qxd4 Re8 12. Qh4 Nh5 13. Qxd8 Rxd8 14. Na4 Rb8
15. Nb6 Bd4 16. Nxc8 Rdxc8 17. Rd1 Bf6 18. Rxd7 Rxc4 19. Rxb7 Rd8 20. Ra7 Rd1+
21. Bf1 Rcxc1 22. Rxc1 Rxc1 23. b4 Rc6 24. e3 Bb2 25. Rxa6 Rxa6 26. Bxa6 Bxa3
27. b5 Bc5 28. Kg2 f5 29. Kf3 Kf7 30. g4 Nf6 31. gxf5 exf5 32. Kf4 Ng4 33. e4
Bd6+ 34. Kf3 Nxh2+ 35. Ke3 Bc5+ 36. Kf4 Bd6+ 37. Ke3 Ng4+ 38. Kf3 Ne5+ 39. Ke3
fxe4 40. Kxe4 Nd7 41. Kf3 Kf6 42. Kg2 Nb6 43. Bb7 h5 44. Kh3 g5 45. f3 Bf4 46.
Kg2 Ke5 47. Bc6 Kd6 48. Be4 h4 49. Bc6 Kc5 50. Be8 Nc4 51. Bd7 Nd6 52. Be6 Nxb5
53. Bg4 Kd4 54. Bc8 Ke3 55. Bd7 Nd4 56. Bg4 Ke2 57. Bh5 Nc2 58. Bg4 Ne3+ 59.
Kh3 Nxg4 60. fxg4 Bc1 0-1

[Event "XI Weekend A"]
[Site "Vignola ITA"]
[Date "2012.11.17"]
[Round "3"]
[White "Ballista, Massimiliano"]
[Black "Ferraguti, Francesco"]
[WhiteElo "1640"]
[BlackElo "1914"]
[Result "0-1"]
[PlyCount "84"]
[EventDate "2012.11.16"]

1. e4 e5 2. Bc4 Nc6 3. Nf3 g6 4. d3 Bg7 5. c3 Nge7 6. O-O O-O 7. Nbd2 h6 8. Re1
Kh7 9. Nf1 d6 10. Ne3 f5 11. exf5 gxf5 12. Nd5 Nxd5 13. Bxd5 Qf6 14. Qe2 Ne7
15. Bb3 Ng6 16. Bd2 c6 17. Rad1 d5 18. Bc2 Bd7 19. Be3 b6 20. d4 e4 21. Ne5
Nxe5 22. dxe5 Qxe5 23. c4 Be6 24. Bd4 Qc7 25. f3 Rae8 26. cxd5 cxd5 27. Bb3 Rd8
28. Bxg7 Qxg7 29. fxe4 fxe4 30. Kh1 Bg4 31. Qd2 Bxd1 32. Rxd1 Qg5 33. Qc2 Qf5
34. h3 d4 35. Re1 d3 36. Qc7+ Rd7 37. Qc6 Re7 38. Qc3 Qc5 39. Qd2 Rf2 40. Qd1
d2 41. Re2 e3 42. Kg1 Qg5 0-1

[Event "XI Weekend A"]
[Site "Vignola ITA"]
[Date "2012.11.17"]
[Round "3"]
[White "Del Gaiso, Massimo"]
[Black "Chiarion, Elisa"]
[WhiteElo "1698"]
[BlackElo "1949"]
[Result "0-1"]
[PlyCount "90"]
[EventDate "2012.11.16"]

1. Nf3 d5 2. c4 c6 3. b3 Nf6 4. Bb2 Bf5 5. d3 e6 6. g3 Nbd7 7. Bg2 h6 8. O-O
Be7 9. Nbd2 Qc7 10. Nd4 Bh7 11. cxd5 exd5 12. Rc1 O-O 13. N2f3 c5 14. Qd2 Qb6
15. Nc2 Rac8 16. Ne3 Rfe8 17. Nh4 Qe6 18. Rfe1 b5 19. Nf3 Bd8 20. Bf1 Qa6 21.
a3 Nb6 22. Bh3 Rc6 23. Ne5 Rc7 24. N3g4 d4 25. Qf4 Nbd5 26. Qf3 h5 27. Nxf6+
Nxf6 28. Qa8 Qd6 29. f4 Nd5 30. Bg2 Nb6 31. Qf3 Bf6 32. Qxh5 Bxe5 33. fxe5 Rxe5
34. Qh4 Rce7 35. Rc2 Bxd3 36. Rd2 Bxe2 37. Bxd4 cxd4 38. Rxd4 Qc7 39. Be4 f5
40. Rxe2 Rxe4 41. Rdxe4 fxe4 42. Rxe4 Qc1+ 43. Kg2 Qc2+ 44. Kf3 Qd3+ 45. Kf4
Rxe4+ 0-1

[Event "XI Weekend A"]
[Site "Vignola ITA"]
[Date "2012.11.17"]
[Round "3"]
[White "Franco, Alessandro P."]
[Black "De Simone Sorrentino, Fabio"]
[WhiteElo "1897"]
[BlackElo "1686"]
[Result "1-0"]
[PlyCount "99"]
[EventDate "2012.11.16"]

1. e4 e6 2. d4 d5 3. Nc3 Bb4 4. e5 c5 5. a3 Bxc3+ 6. bxc3 Ne7 7. h4 Qc7 8. Bd3
Bd7 9. Nf3 Nbc6 10. O-O c4 11. Be2 h6 12. a4 Qd8 13. Ba3 Nf5 14. g3 g5 15. h5
Rg8 16. Nh2 f6 17. Re1 fxe5 18. dxe5 Qa5 19. Ng4 O-O-O 20. Bf1 Qxc3 21. a5 Ncd4
22. Ne3 g4 23. Nxf5 Nxf5 24. Bc5 a6 25. Qb1 Bb5 26. Ra3 Qd2 27. c3 Qg5 28. Re2
Qxh5 29. Rb2 Qe8 30. Bb6 Rd7 31. Rxb5 axb5 32. Qxb5 Re7 33. Qb2 Qc6 34. Be2 Rf7
35. Bd1 d4 36. cxd4 Qe4 37. Be2 Rd7 38. Bxc4 Qe1+ 39. Bf1 Nxd4 40. Bxd4 Rgd8
41. Ra1 Qe4 42. Bb6 Rd2 43. Qc3+ Qc6 44. Qxc6+ bxc6 45. Bxd8 Rxd8 46. a6 Kb8
47. Rb1+ Ka8 48. Rb6 Rc8 49. Bg2 Ka7 50. Rxc6 1-0

[Event "XI Weekend A"]
[Site "Vignola ITA"]
[Date "2012.11.17"]
[Round "3"]
[White "Malfagia, Andrea"]
[Black "Simonini, Mattia"]
[WhiteElo "2254"]
[BlackElo "1794"]
[Result "1-0"]
[PlyCount "35"]
[EventDate "2012.11.16"]

1. d4 d5 2. c4 c6 3. Nf3 Nf6 4. Qb3 e6 5. g3 Bd6 6. Bg2 Nbd7 7. O-O O-O 8. Nc3
a6 9. Bg5 b5 10. cxd5 cxd5 11. e4 Be7 12. exd5 Nxd5 13. Nxd5 exd5 14. Qxd5 Rb8
15. Bf4 Bb7 16. Qf5 Rc8 17. Ng5 g6 18. Qh3 1-0

[Event "XI Weekend A"]
[Site "Vignola ITA"]
[Date "2012.11.17"]
[Round "3"]
[White "Molinari, Enzo"]
[Black "Castellari, Claudio"]
[WhiteElo "1871"]
[BlackElo "1539"]
[Result "0-1"]
[PlyCount "108"]
[EventDate "2012.11.16"]

1. d4 d5 2. c4 c6 3. Nc3 Nf6 4. Nf3 e6 5. Bg5 Nbd7 6. e3 Be7 7. Qc2 O-O 8. Bd3
dxc4 9. Bxc4 b5 10. Bd3 h6 11. Bh4 Bb7 12. Ne4 Nxe4 13. Bxe7 Qxe7 14. Bxe4 Rac8
15. O-O Nf6 16. Bd3 a6 17. Rac1 Rc7 18. Rfd1 Rfc8 19. Qc5 Rd8 20. Qxe7 Rxe7 21.
Ne5 Rc7 22. Be2 Nd7 23. Bf3 Nxe5 24. dxe5 Rcd7 25. b4 Rxd1+ 26. Rxd1 Rxd1+ 27.
Bxd1 Kf8 28. f4 Ke7 29. Bf3 Kd7 30. Kf2 Kc7 31. e4 Bc8 32. Ke3 g5 33. Bh5 gxf4+
34. Kxf4 c5 35. bxc5 Kc6 36. Ke3 Kxc5 37. Kd3 a5 38. a3 b4 39. axb4+ Kxb4 40.
Kc2 a4 41. Kb2 Kc4 42. Bxf7 Kd4 43. Bg6 Kxe5 44. Ka3 Bd7 45. g3 Bc6 46. h4 Bxe4
47. h5 Bxg6 48. hxg6 Kf6 49. g7 Kxg7 50. Kxa4 Kf6 51. Kb4 Ke5 52. Kc4 Ke4 53.
Kc3 e5 54. Kd2 Kf3 0-1

[Event "XI Weekend A"]
[Site "Vignola ITA"]
[Date "2012.11.17"]
[Round "3"]
[White "Paoli, Walter"]
[Black "Santamato, Luigi"]
[WhiteElo "2045"]
[BlackElo "1775"]
[Result "1-0"]
[PlyCount "107"]
[EventDate "2012.11.16"]

1. Nf3 d5 2. c4 c6 3. b3 Nf6 4. Bb2 Bf5 5. d3 e6 6. Nbd2 h6 7. g3 Nbd7 8. Bg2
Be7 9. O-O O-O 10. a3 a5 11. Bc3 Qc7 12. Nd4 Bh7 13. cxd5 cxd5 14. Nb5 Qb6 15.
a4 Rfd8 16. Nf3 Nc5 17. Qc2 Nfd7 18. Qb2 Bf6 19. Bxf6 Nxf6 20. Ne5 Ncd7 21.
Rac1 Nxe5 22. Qxe5 Rac8 23. h3 Rc6 24. Rxc6 Qxc6 25. Qa1 Qd7 26. Rc1 Rc8 27.
Rc3 b6 28. Qc1 Rxc3 29. Qxc3 Ne8 30. Bf3 Bg6 31. e3 Kh7 32. Bd1 Nd6 33. Nd4 e5
34. Ne2 f6 35. Kg2 Nb7 36. d4 Qd6 37. f3 Nd8 38. g4 Ne6 39. dxe5 fxe5 40. Bc2
Bxc2 41. Qxc2+ Kg8 42. Qg6 d4 43. exd4 exd4 44. Qd3 Nf4+ 45. Nxf4 Qxf4 46. h4
Qe5 47. h5 Qd6 48. Kf2 Qf4 49. Ke2 Qh2+ 50. Kd1 Qf4 51. Kc2 Qc7+ 52. Qc4+ Qxc4+
53. bxc4 Kf7 54. Kd3 1-0

[Event "XI Weekend A"]
[Site "Vignola ITA"]
[Date "2012.11.17"]
[Round "3"]
[White "Pomante, Sergio"]
[Black "Modena, Giorgio"]
[WhiteElo "1648"]
[BlackElo "1934"]
[Result "0-1"]
[PlyCount "106"]
[EventDate "2012.11.16"]

1. e4 e6 2. d4 d5 3. exd5 exd5 4. Nf3 Bd6 5. c4 c6 6. Nc3 Ne7 7. c5 Bc7 8. Bd3
Bf5 9. O-O Bxd3 10. Qxd3 O-O 11. Bg5 f6 12. Bh4 Re8 13. Rae1 Nd7 14. Ne2 Nf8
15. Bg3 Neg6 16. Qd2 Ne6 17. h4 Qd7 18. h5 Ngf8 19. Nf4 Nxf4 20. Bxf4 Bxf4 21.
Qxf4 Ne6 22. Qf5 Nxc5 23. Qxd7 Nxd7 24. Nh4 Nb6 25. b3 Rad8 26. Nf5 Nc8 27. g4
g6 28. hxg6 hxg6 29. Nh4 Kf7 30. Kg2 Nd6 31. f3 Nb5 32. Rd1 Re2+ 33. Rf2 Rde8
34. a4 Nd6 35. Rd2 Re1 36. Kg3 R1e3 37. Rb2 Ne4+ 38. Kg2 Nxf2 39. Kxf2 Rd3 40.
Ng2 Rxd4 41. Ne3 Rd3 42. Nf1 d4 43. b4 Re7 44. a5 b6 45. axb6 axb6 46. Rc2 Rc3
47. Rxc3 dxc3 48. Ne3 Ke8 49. Nc2 Kd7 50. f4 Kd6 51. Kf3 c5 52. b5 Kd5 53. Na3
Kd4 0-1

[Event "XI Weekend A"]
[Site "Vignola ITA"]
[Date "2012.11.17"]
[Round "3"]
[White "Ricci Petitoni, Angelo"]
[Black "Garofalo, Sergio"]
[WhiteElo "1381"]
[BlackElo "1826"]
[Result "0-1"]
[PlyCount "60"]
[EventDate "2012.11.16"]

1. c4 f5 2. g3 Nf6 3. Bg2 e6 4. Nc3 Be7 5. Nf3 d6 6. e3 c6 7. d4 O-O 8. a3 Qe8
9. Qc2 h6 10. b3 Nbd7 11. Bb2 e5 12. h3 e4 13. Ng1 d5 14. Bf1 a6 15. Nce2 Nb8
16. Nf4 g5 17. Nfe2 Be6 18. h4 Ng4 19. hxg5 hxg5 20. Nc3 Qf7 21. c5 Nd7 22. Na4
Bd8 23. Nh3 Qh5 24. Nc3 Bc7 25. b4 b5 26. cxb6 Nxb6 27. Na4 Nc4 28. Bc3 Ncxe3
29. fxe3 Bxg3+ 30. Kd1 Nxe3+ 0-1

[Event "XI Weekend A"]
[Site "Vignola ITA"]
[Date "2012.11.17"]
[Round "3"]
[White "Sacchetti, Andrea"]
[Black "Degli Esposti, Eugenio"]
[WhiteElo "1865"]
[BlackElo "1668"]
[Result "1-0"]
[PlyCount "61"]
[EventDate "2012.11.16"]

1. d4 Nf6 2. c4 g6 3. Nc3 Bg7 4. e4 d6 5. Nf3 O-O 6. Bg5 c5 7. d5 Qa5 8. Bd2
Qb6 9. Qc2 Bd7 10. Be2 Qd8 11. O-O Na6 12. a3 Rb8 13. Rab1 Qc7 14. h3 Rfc8 15.
Qd1 Qd8 16. Nh2 Nc7 17. f4 b5 18. e5 Nfe8 19. Nf3 bxc4 20. g4 Nb5 21. Bxc4 Nxc3
22. Bxc3 Bb5 23. Qd3 Bxc4 24. Qxc4 Qb6 25. f5 Nc7 26. e6 fxe6 27. Bxg7 exd5 28.
Qe2 Kxg7 29. Qxe7+ Kh6 30. g5+ Kh5 31. Qxh7# 1-0

[Event "XI Weekend A"]
[Site "Vignola ITA"]
[Date "2012.11.17"]
[Round "3"]
[White "Sasdelli, Massimo"]
[Black "Carletti, Davide M."]
[WhiteElo "1828"]
[BlackElo "1873"]
[Result "0-1"]
[PlyCount "62"]
[EventDate "2012.11.16"]

1. c4 e5 2. g3 g6 3. Bg2 Bg7 4. Nc3 Nf6 5. e4 c6 6. Nge2 d6 7. d3 Be6 8. O-O
O-O 9. b4 d5 10. c5 a5 11. exd5 Nxd5 12. Rb1 Nxb4 13. Be3 N8a6 14. a3 Nxd3 15.
Rxb7 Ndxc5 16. Bxc6 Qc8 17. Rb6 Rb8 18. Rxb8 Qxb8 19. Qb1 Qd6 20. Bb5 Nc7 21.
Rd1 Qe7 22. Bc6 N5a6 23. Ne4 Bf5 24. Qc1 Bg4 25. Rd2 Rd8 26. Rxd8+ Qxd8 27.
N2c3 Bf3 28. Bh6 f5 29. Bxg7 Kxg7 30. Qe3 fxe4 31. Nxe4 Qd1+ 0-1

[Event "XI Weekend A"]
[Site "Vignola ITA"]
[Date "2012.11.17"]
[Round "3"]
[White "Setti, Roberto"]
[Black "Buriani, Andrea"]
[WhiteElo "1976"]
[BlackElo "2081"]
[Result "1/2-1/2"]
[PlyCount "39"]
[EventDate "2012.11.16"]

1. c4 e5 2. Nc3 Nc6 3. Nf3 f5 4. d4 e4 5. Bg5 Be7 6. Bxe7 Qxe7 7. Nd5 Qd6 8.
Nd2 Nf6 9. Nxf6+ Qxf6 10. e3 O-O 11. Qb3 b6 12. g3 Kh8 13. Qa4 a5 14. a3 Bb7
15. Bg2 Rf7 16. O-O g5 17. Qc2 Re8 18. Qc3 g4 19. b4 h5 20. Rfc1 1/2-1/2

[Event "XI Weekend A"]
[Site "Vignola ITA"]
[Date "2012.11.17"]
[Round "3"]
[White "Sfera, Mattia"]
[Black "Di Trapani, Davide"]
[WhiteElo "2000"]
[BlackElo "2090"]
[Result "1/2-1/2"]
[PlyCount "46"]
[EventDate "2012.11.16"]

1. e4 e5 2. Nf3 Nc6 3. Bb5 a6 4. Ba4 Nf6 5. O-O Be7 6. Re1 b5 7. Bb3 d6 8. c3
O-O 9. h3 Bb7 10. d3 Re8 11. Nbd2 Bf8 12. Nf1 g6 13. Bg5 Bg7 14. Ne3 Qd7 15.
Bxf6 Bxf6 16. Nd5 Bg7 17. Nh2 Ne7 18. c4 Nxd5 19. cxd5 c6 20. dxc6 Bxc6 21. Ng4
d5 22. Qf3 Rad8 23. Rac1 Bb7 1/2-1/2

[Event "XI Weekend A"]
[Site "Vignola ITA"]
[Date "2012.11.17"]
[Round "3"]
[White "Vincenzi, Marco"]
[Black "Cocuzzi, Edoardo"]
[WhiteElo "2088"]
[BlackElo "1958"]
[Result "1-0"]
[PlyCount "89"]
[EventDate "2012.11.16"]

1. e4 e5 2. Nf3 Nc6 3. Bc4 Bc5 4. b4 Bxb4 5. c3 Be7 6. d4 exd4 7. O-O Nf6 8. e5
Ne4 9. cxd4 d5 10. Bb3 Bg4 11. Be3 O-O 12. h3 Bh5 13. Nbd2 Nc3 14. Qc2 Ne2+ 15.
Kh2 Bg6 16. Qb2 Bb4 17. Nb1 Bd3 18. Bc2 Ba6 19. Rd1 f5 20. Bd3 f4 21. Qxe2 Bxd3
22. Qxd3 fxe3 23. Qxe3 h6 24. Nc3 Ba5 25. Ne2 Qe7 26. Nf4 Qf7 27. Nd3 b6 28.
Rac1 Nd8 29. Rc2 Ne6 30. Rdc1 Rac8 31. Kg1 Qg6 32. Rc6 Qe8 33. Nh4 Nc5 34. Rg6
Ne4 35. Qxh6 Rf7 36. Qh5 Qf8 37. Rc2 Bc3 38. e6 Rxf2 39. Nxf2 Bxd4 40. Nf5 Qb4
41. Nh6+ Kf8 42. Rf6+ Ke7 43. Qf7+ Kd6 44. Qd7+ Ke5 45. Nhg4# 1-0

[Event "XI Weekend A"]
[Site "Vignola ITA"]
[Date "2012.11.18"]
[Round "4"]
[White "Buriani, Andrea"]
[Black "Sfera, Mattia"]
[WhiteElo "2081"]
[BlackElo "2000"]
[Result "0-1"]
[PlyCount "60"]
[EventDate "2012.11.16"]

1. d4 Nf6 2. Nf3 g6 3. Nbd2 Bg7 4. e4 d6 5. Bd3 O-O 6. O-O Nbd7 7. c3 e5 8.
dxe5 Nxe5 9. Nxe5 dxe5 10. Nc4 Qe7 11. Bg5 h6 12. Bh4 Rd8 13. Qe2 Be6 14. b4 g5
15. Bg3 Nh5 16. Qxh5 Rxd3 17. Nxe5 Rxg3 18. fxg3 Bxe5 19. Qxh6 Bg4 20. Rf5 Bxf5
21. exf5 Bxc3 22. Rf1 Qf6 23. Qh5 Bxb4 24. h4 Bc5+ 25. Kh1 Rd8 26. Kh2 gxh4 27.
gxh4 Rd4 28. g3 Bd6 29. Kg2 Qg7 30. Rf3 Rg4 0-1

[Event "XI Weekend A"]
[Site "Vignola ITA"]
[Date "2012.11.18"]
[Round "4"]
[White "Carletti, Davide M."]
[Black "Vincenzi, Marco"]
[WhiteElo "1873"]
[BlackElo "2088"]
[Result "0-1"]
[PlyCount "108"]
[EventDate "2012.11.16"]

1. e4 e5 2. Nf3 Nc6 3. Bc4 Nf6 4. d3 Bc5 5. O-O d6 6. c3 a6 7. Bb3 Ba7 8. Nbd2
O-O 9. Re1 Ng4 10. Re2 Na5 11. h3 Nxb3 12. Qxb3 Nf6 13. Nf1 h6 14. Ng3 Nh7 15.
Bd2 Qf6 16. Rae1 Bxh3 17. gxh3 Qxf3 18. Be3 Ng5 19. Kh2 Ne6 20. Rg1 Nf4 21.
Ree1 Nxd3 22. Ref1 Nf4 23. Bxa7 Rxa7 24. Qc2 h5 25. Qd1 Qxd1 26. Rxd1 g6 27.
Nf5 b5 28. Ne7+ Kg7 29. Nd5 Nxd5 30. Rxd5 f5 31. exf5 Rxf5 32. Rf1 Kf6 33. Kg3
Ke6 34. Rd2 c6 35. b3 d5 36. Rfd1 Raf7 37. c4 bxc4 38. bxc4 d4 39. Rb1 Kd6 40.
Rb6 Rf3+ 41. Kg2 Ra3 42. Rb3 Rxb3 43. axb3 Rb7 44. Rd3 Kc5 45. f3 a5 46. Kg3 a4
47. bxa4 Kxc4 48. Rd1 Rb3 49. Ra1 e4 50. a5 Rxf3+ 51. Kg2 Rf7 52. a6 Ra7 53.
Ra4+ Kd5 54. Kf2 c5 0-1

[Event "XI Weekend A"]
[Site "Vignola ITA"]
[Date "2012.11.18"]
[Round "4"]
[White "Castellari, Claudio"]
[Black "Sasdelli, Massimo"]
[WhiteElo "1539"]
[BlackElo "1828"]
[Result "0-1"]
[PlyCount "81"]
[EventDate "2012.11.16"]

1. d4 Nf6 2. c4 e6 3. Nc3 Bb4 4. Nf3 c5 5. Bd2 Bxc3 6. Bxc3 Ne4 7. Qc2 Nxc3 8.
Qxc3 Qf6 9. e3 b6 10. Be2 Bb7 11. Rc1 O-O 12. dxc5 Qxc3+ 13. Rxc3 bxc5 14. O-O
Nc6 15. Rd1 Bc8 16. Ne1 Rb8 17. b3 Rd8 18. Bf3 Ne5 19. Nd3 Nxd3 20. Rcxd3 Kf8
21. Kf1 Ke7 22. Ke1 d6 23. e4 e5 24. Kd2 Rb6 25. Ke2 Be6 26. h3 Bd7 27. g4 Be6
28. Bg2 g5 29. Bh1 a5 30. a4 Rdb8 31. Bg2 Rxb3 32. Rxd6 Rc3 33. Rc6 Rxc4 34.
Rc7+ Kf6 35. f3 Rxa4 36. Rxc5 Rb2+ 37. Kf1 Raa2 38. Bh1 Rb4 39. Bg2 a4 40. Ra5
a3 41. Rd3 0-1

[Event "XI Weekend A"]
[Site "Vignola ITA"]
[Date "2012.11.18"]
[Round "4"]
[White "Cocuzzi, Edoardo"]
[Black "Franco, Alessandro P."]
[WhiteElo "1958"]
[BlackElo "1897"]
[Result "0-1"]
[PlyCount "46"]
[EventDate "2012.11.16"]

1. e4 c6 2. d4 d5 3. exd5 cxd5 4. Bd3 Nc6 5. c3 Nf6 6. h3 e6 7. Bf4 Bd6 8. Ne2
O-O 9. O-O Ne4 10. f3 Nf6 11. Bg5 h6 12. Bh4 e5 13. Qd2 Re8 14. Kh1 Bc7 15. Na3
a6 16. dxe5 Nxe5 17. f4 Nxd3 18. Qxd3 Qd6 19. Bxf6 Qxf6 20. Rad1 Bf5 21. Qxd5
Be4 22. Qd4 Qe6 23. Ng3 Qxh3+ 0-1

[Event "XI Weekend A"]
[Site "Vignola ITA"]
[Date "2012.11.18"]
[Round "4"]
[White "De Biaggi, Paolo"]
[Black "Malfagia, Andrea"]
[WhiteElo "1865"]
[BlackElo "2254"]
[Result "0-1"]
[PlyCount "74"]
[EventDate "2012.11.16"]

1. e4 c6 2. d4 d5 3. e5 Bf5 4. Bd3 Bxd3 5. Qxd3 e6 6. Ne2 Qb6 7. O-O Qa6 8.
Qxa6 Nxa6 9. c3 c5 10. a3 c4 11. f4 Ne7 12. Nd2 Rc8 13. Ng3 h5 14. h4 Ng6 15.
Nf3 Be7 16. f5 Nxh4 17. Ng5 Rc6 18. Bd2 Rb6 19. Rab1 Nc7 20. fxe6 fxe6 21. Rf7
Rg8 22. Nxh5 Bxg5 23. Rxg7 Bxd2 24. Nf6+ Kf8 25. Rxg8+ Kf7 26. Rh8 Nf5 27. g4
Ng7 28. Nd7 Rb5 29. Kg2 Nce8 30. Kg3 Ke7 31. Nf8 Bxc3 32. Ng6+ Kd7 33. Rf1 Bxd4
34. Rf7+ Kc6 35. Ne7+ Kc5 36. Kf4 Rxb2 37. Nc8 Rf2+ 0-1

[Event "XI Weekend A"]
[Site "Vignola ITA"]
[Date "2012.11.18"]
[Round "4"]
[White "Degli Esposti, Eugenio"]
[Black "Molinari, Enzo"]
[WhiteElo "1668"]
[BlackElo "1871"]
[Result "1-0"]
[PlyCount "93"]
[EventDate "2012.11.16"]

1. d4 Nf6 2. Nf3 d5 3. e3 e6 4. Bd3 c5 5. b3 Nc6 6. Bb2 cxd4 7. exd4 Bd6 8.
Nbd2 Qc7 9. O-O O-O 10. Re1 Bd7 11. a3 h6 12. Ne5 Rac8 13. Ndf3 a6 14. Qd2 b5
15. Nxc6 Bxc6 16. Ne5 Bb7 17. Re3 Ne4 18. Bxe4 dxe4 19. Rc3 Qd8 20. Rd1 f5 21.
Rg3 Rf6 22. Qc1 Qe8 23. c4 Bxe5 24. dxe5 Rg6 25. c5 Rxg3 26. hxg3 Bd5 27. b4
Qc6 28. Qf4 g5 29. Qe3 Kf7 30. Qe2 Kg6 31. g4 f4 32. g3 e3 33. Qd3+ Kg7 34.
gxf4 e2 35. Re1 gxf4 36. Qxe2 Rf8 37. Bc1 Bf3 38. Qd3 Bh1 39. Qh3 Be4 40. Qh2
Bg6 41. Bxf4 Rh8 42. Qh4 h5 43. Qf6+ Kh7 44. Qe7+ Kg8 45. Rd1 Bf7 46. Rd8+ Kg7
47. Qf6+ 1-0

[Event "XI Weekend A"]
[Site "Vignola ITA"]
[Date "2012.11.18"]
[Round "4"]
[White "Di Trapani, Davide"]
[Black "Setti, Roberto"]
[WhiteElo "2090"]
[BlackElo "1976"]
[Result "1-0"]
[PlyCount "83"]
[EventDate "2012.11.16"]

1. e4 e6 2. d4 d5 3. Nc3 Nf6 4. Bg5 Be7 5. e5 Nfd7 6. h4 h6 7. Bxe7 Qxe7 8. f4
a6 9. Qg4 f5 10. exf6 Nxf6 11. Qg6+ Qf7 12. Qxf7+ Kxf7 13. Nf3 Nbd7 14. Bd3 Ng4
15. O-O c5 16. h5 cxd4 17. Nxd4 Ndf6 18. Bg6+ Ke7 19. Rfe1 Kd6 20. Rad1 Bd7 21.
Bf7 e5 22. Nf3 exf4 23. Nxd5 Nxd5 24. Rxd5+ Kc7 25. Re7 Rad8 26. Nd4 Kc8 27.
Ne6 Nf6 28. Rc5+ Bc6 29. Nxd8 Rxd8 30. Be6+ Kb8 31. Rxg7 Rd1+ 32. Kh2 Rd2 33.
Rf5 Ne8 34. Rg8 Kc7 35. Rxf4 Kd6 36. Rg6 Ke5 37. Rf1 Be4 38. Re1 Nf6 39. Bb3
Nxh5 40. Re6+ Kf5 41. R6xe4 Nf4 42. Rxf4+ 1-0

[Event "XI Weekend A"]
[Site "Vignola ITA"]
[Date "2012.11.18"]
[Round "4"]
[White "Di Trapani, Luigi"]
[Black "Del Gaiso, Massimo"]
[WhiteElo "1548"]
[BlackElo "1698"]
[Result "1/2-1/2"]
[PlyCount "163"]
[EventDate "2012.11.16"]

1. d4 c5 2. c3 b6 3. e4 Bb7 4. Nd2 g6 5. Ngf3 Bg7 6. Bd3 Nc6 7. d5 Ne5 8. Nxe5
Bxe5 9. Nf3 Bg7 10. O-O Nf6 11. Rb1 Qc7 12. Re1 c4 13. Bc2 Ng4 14. g3 h5 15.
Bf4 Qc5 16. Qd2 f6 17. Be3 Nxe3 18. Qxe3 Qxe3 19. Rxe3 g5 20. Nd4 Kf7 21. b3
Ba6 22. bxc4 Bxc4 23. Bb3 Ba6 24. Rbe1 g4 25. Nf5 Bf8 26. e5 fxe5 27. Rxe5 d6
28. R5e3 Kf6 29. Nd4 Rh7 30. Bc2 Rh6 31. Nf5 Rh8 32. Re6+ Kg5 33. Nxe7 Rh6 34.
Rxh6 Kxh6 35. Nf5+ Kg5 36. Re6 h4 37. Nxh4 Rc8 38. Rg6+ Kh5 39. Bf5 Rc4 40. Bd3
Ra4 41. Bb1 Bb7 42. Ng2 Bh6 43. Rxd6 Rc4 44. Nh4 Rxc3 45. Bg6+ Kg5 46. Rd7 Rc1+
47. Kg2 Ba6 48. h3 Bf1+ 49. Kh2 gxh3 50. Rxa7 Bg2 51. Nxg2 hxg2 52. Kxg2 Kxg6
53. Ra6 Rb1 54. a4 Bf8 55. a5 Bc5 56. axb6 Bxb6 57. d6 Kf7 58. g4 Ke6 59. g5
Bd4 60. g6 Rb7 61. f4 Rd7 62. Kg3 Kf5 63. Ra5+ Kxg6 64. Rd5 Bb2 65. Kg4 Ba3 66.
Rg5+ Kf6 67. Rf5+ Ke6 68. Re5+ Kxd6 69. Re2 Rf7 70. f5 Rg7+ 71. Kh5 Kd7 72. Kh6
Bf8 73. Kh5 Be7 74. Kh6 Rf7 75. Re5 Kd6 76. Re6+ Kd7 77. Kg6 Rf8 78. Ra6 Rg8+
79. Kf7 Rf8+ 80. Kg6 Rg8+ 81. Kf7 Rf8+ 82. Kg6 1/2-1/2

[Event "XI Weekend A"]
[Site "Vignola ITA"]
[Date "2012.11.18"]
[Round "4"]
[White "Ferraguti, Francesco"]
[Black "Paoli, Walter"]
[WhiteElo "1914"]
[BlackElo "2045"]
[Result "1-0"]
[PlyCount "93"]
[EventDate "2012.11.16"]

1. d4 Nf6 2. c4 g6 3. Nf3 Bg7 4. Nc3 d5 5. Bg5 Ne4 6. Bh4 Nxc3 7. bxc3 c5 8. e3
Nc6 9. Bd3 dxc4 10. Bxc4 O-O 11. O-O Bf5 12. Rc1 Na5 13. Bd3 Bxd3 14. Qxd3 Qc7
15. Bg3 Qd7 16. Ne5 Bxe5 17. Bxe5 Rfd8 18. Rfd1 f6 19. Bg3 e6 20. Qe2 cxd4 21.
cxd4 Rac8 22. f3 Rc6 23. Be1 Rdc8 24. Rxc6 Nxc6 25. Rc1 Kf7 26. Qb2 Ne7 27.
Rxc8 Qxc8 28. Qc3 Qxc3 29. Bxc3 Nd5 30. Bd2 b5 31. Kf1 Ke7 32. Ke2 Kd6 33. Kd3
Kc6 34. e4 Ne7 35. Bb4 Nc8 36. g4 Nb6 37. f4 f5 38. d5+ exd5 39. exf5 gxf5 40.
gxf5 Nc8 41. Kd4 a5 42. Bxa5 Nd6 43. f6 Nf7 44. Bb4 h5 45. h3 Nh6 46. Ke5 Nf7+
47. Ke6 1-0